[Event "Gorges op 28th"]
[Site "Gorges"]
[Date "2018.07.08"]
[Round "4"]
[White "Kervadec, Jean"]
[Black "Kollar, Guillaume"]
[Result "0-1"]
[WhiteElo "1502"]
[BlackElo "1493"]
[PlyCount "96"]
[EventDate "2018.07.07"]
[EventType "swiss"]
[EventRounds "5"]
[EventCountry "FRA"]
[SourceTitle "EXT 2020"]
[Source "ChessBase"]
[SourceDate "2019.10.17"]
[SourceVersion "1"]
[SourceVersionDate "2019.10.17"]
[SourceQuality "1"]

1. d4 c5 2. dxc5 Na6 3. e4 Nxc5 4. Nc3 g6 5. Bc4 Bg7 6. Qf3 e6 7. Be3 Qa5 8. Nge2 Na6 9. 0-0 Nb4 10. Bb3 Ne7 11. Bd4 0-0 12. Bxg7 Kxg7 13. Ng3 b6 14. e5 Ned5 15. Nce4 Bb7 16. h4 Nc6 17. Bxd5 Qxd5 18. Qf6+ Kg8 19. Nh5 Qxe5 20. Qxe5 Nxe5 21. Nhf6+ Kg7 22. Rad1 Bxe4 23. Nxe4 d5 24. Nd6 Rad8 25. Nb5 Rc8 26. Nd4 Nc6 27. c3 Nxd4 28. Rxd4 Rc4 29. Rfd1 Rfc8 30. Kf1 Rxd4 31. Rxd4 Rc4 32. Ke2 Kf6 33. Ke3 Kf5 34. g4+ Ke5 35. f4+ Kd6 36. Kd3 b5 37. b3 Rxd4+ 38. Kxd4 f6 39. c4 e5+ 40. fxe5+ fxe5+ 41. Kc3 bxc4 42. bxc4 d4+ 43. Kd3 Kc5 44. a3 e4+ 45. Kxe4 Kxc4 46. Kf3 d3 47. Kf2 Kc3 48. Ke1 Kc2 0-1

[Event "Gorges op 28th"]
[Site "Gorges"]
[Date "2018.07.07"]
[Round "2"]
[White "Kervadec, Jean"]
[Black "Bourdeaux, Angele"]
[Result "0-1"]
[WhiteElo "1502"]
[BlackElo "1515"]
[PlyCount "48"]
[EventDate "2018.07.07"]
[EventType "swiss"]
[EventRounds "5"]
[EventCountry "FRA"]
[SourceTitle "EXT 2020"]
[Source "ChessBase"]
[SourceDate "2019.10.17"]
[SourceVersion "1"]
[SourceVersionDate "2019.10.17"]
[SourceQuality "1"]

1. d4 Nf6 2. c4 g6 3. Nf3 Bg7 4. g3 d6 5. Bg2 0-0 6. 0-0 Nbd7 7. Nc3 c6 8. e4 e5 9. Bg5 Qb6 10. dxe5 dxe5 11. Rb1 a5 12. Be3 Qc7 13. Na4 Nxe4 14. Qb3 Rb8 15. Nb6 Ndc5 16. Qa3 Qxb6 17. b4 axb4 18. Rxb4 Qc7 19. Ne1 Qd6 20. f3 Na6 21. Ra4 Qxa3 22. Rxa3 Nd6 23. Nd3 Nxc4 24. Ba7 Nxa3 0-1